000 00613nam a2200229 i 4500
001 C2-0298091
003 PPAK
005 20180728080231.0
008 090526s2006 ii |||| ||||| | tam d
040 _aPPAK
_beng
_cPPAK
_erda
082 0 4 _a894.811301
_223
090 0 0 _a894.811301
_bMUV
_dG
100 0 _aMu. Varatharasan,
_eauthor
245 1 0 _aUlakapperedu
264 1 _aChennai, India :
_bPaari Nilaiyam ,
_c2006
300 _a159 pages ;
_c18 cm
336 _2rdacontent
_atext
337 _2rdamedia
_aunmediated
338 _2rdacarrier
_avolume
650 1 0 _aShort stories, Tamil
942 _ddc
_cB
999 _c102436
_d102436